| 000 | 01245na a2200361 4500 | ||
|---|---|---|---|
| 001 | 22688 | ||
| 003 | MIRAKIL | ||
| 005 | 20181213154912.0 | ||
| 008 | 170223b tu 000 0 | ||
| 040 |
_aMilas _btur _cTR-AnCHP |
||
| 041 | _atur | ||
| 082 |
_aCHP 320.0835 _bS59 2010 |
||
| 090 | _aCHP 320.0835 S59 2010 | ||
| 091 | _aGENÇLİK 5 | ||
| 222 | _aGençlik raporları | ||
| 245 |
_aSiyaset ve Gençlik Buluşmaları _bKemal Kılıçdaroğlu, Cumhuriyet Halk Partisi _cyayına hazırlayanlar Hakan Mehmet Kiriş, Alper Tütünsatar, Ayşen Peker ; fotoğraflar Soner Arık |
||
| 260 |
_aIsparta _bSüleyman Demirel Üniversitesi _c2010 |
||
| 300 |
_a63 s. _c20 sm. |
||
| 440 | _aPolitika Tasarım Grubu | ||
| 490 |
_aSiyaset ve gençlik buluşmaları _v1 |
||
| 600 |
_aKılıçdaroğlu, Kemal _xKonuşmalar, 2010 _yGençlik |
||
| 610 |
_aCHP _xGençlik _yRaporlar |
||
| 610 |
_aCHP _xProgramlar _yGençlik |
||
| 650 |
_aGençlik ve siyaset _zTürkiye |
||
| 650 |
_aGençlik _xSiyasal etkinlik _zTürkiye |
||
| 651 |
_aTürkiye _xGençlik politikaları |
||
| 700 | _aKiriş, Hakan Mehmet | ||
| 700 | _aTütünsatar, Alper | ||
| 700 | _aPeker, Ayşen | ||
| 700 | _aArık, Soner | ||
| 942 |
_2ddc _cBKS |
||
| 999 |
_c2877 _d2877 |
||